| 000 | 00433nmm a2200157Ia 4500 | ||
|---|---|---|---|
| 008 | 251105s9999||||xx |||||||||||||||||und|| | ||
| 020 | _a9789876990028 | ||
| 041 | _aspa | ||
| 100 | _aMussetta, Mariana | ||
| 245 | 0 | _aEl artista de lo Bello | |
| 264 |
_a[Buenos Aires, Argentina] : _bEduvim, _c2012 |
||
| 300 | _a96 páginas | ||
| 650 | _aArts in general | ||
| 856 | _uhttps://public.digitaliapublishing.com/a/30547 | ||
| 942 | _cCF | ||
| 999 |
_c97565 _d97565 |
||